Ženský zákon : (Record no. 20953)
[ view plain ]
| 000 -LEADER | |
|---|---|
| fixed length control field | 00725nam a22002171 4500 |
| 001 - CONTROL NUMBER | |
| control field | 20953 |
| 003 - CONTROL NUMBER IDENTIFIER | |
| control field | CZ PrNK |
| 005 - DATE AND TIME OF LATEST TRANSACTION | |
| control field | 20260207113632.0 |
| 008 - FIXED-LENGTH DATA ELEMENTS--GENERAL INFORMATION | |
| fixed length control field | 011116s1948 xo slo |
| 040 ## - CATALOGING SOURCE | |
| Original cataloging agency | ABA001 |
| Language of cataloging | cze |
| Transcribing agency | ABA001 |
| Modifying agency | ABA001 |
| 100 1# - MAIN ENTRY--PERSONAL NAME | |
| Personal name | Tajovský, Jozef Gregor, |
| Dates associated with a name | 1874-1940 |
| Relationship | aut |
| 245 10 - TITLE STATEMENT | |
| Title | Ženský zákon : |
| Remainder of title | Veselohra v štyroch dejstvách / |
| Statement of responsibility, etc. | Jozef Gregor-Tajovský [pseud.] |
| 250 ## - EDITION STATEMENT | |
| Edition statement | Vyd. 4. |
| 260 ## - PUBLICATION, DISTRIBUTION, ETC. | |
| Place of publication, distribution, etc. | V Turčiansk. Svät. Martine : |
| Name of publisher, distributor, etc. | Ústr. slov. ochot. div., |
| Date of publication, distribution, etc. | 1948 |
| Place of manufacture | (Žilina : |
| Manufacturer | Slov. kníhtl.) |
| 300 ## - PHYSICAL DESCRIPTION | |
| Extent | 87, 1 s. ; |
| Dimensions | 8° |
| 490 1# - SERIES STATEMENT | |
| Series statement | Divadelná knižnica ; |
| Volume/sequential designation | Sv. 49 |
| 500 ## - GENERAL NOTE | |
| General note | Vl. jm. autora: Gregor, Jozef |
| 830 #0 - SERIES ADDED ENTRY--UNIFORM TITLE | |
| Uniform title | Divadelná knižnica |
| 910 ## - USER-OPTION DATA (OCLC) | |
| User-option data | ABA001 |
| 942 ## - ADDED ENTRY ELEMENTS (KOHA) | |
| Source of classification or shelving scheme | Dewey Decimal Classification |
| Koha item type | Krásna literatúra pre dospelých |
| Suppress in OPAC | No |
| Stav vyradenia | Strata | Poškodenie | Spôsob nadobudnutia | Domovská knižnica | Aktuálna knižnica | Dátum nadobudnutia | Total checkouts | Čiarový kód exemplára | Date last seen | Typ exemplára | Verejná poznámka |
|---|---|---|---|---|---|---|---|---|---|---|---|
| Dar | Obecná knižnica Horná Štubňa | Obecná knižnica Horná Štubňa | 07.02.2026 | 4736201124 | 07.02.2026 | Krásna literatúra pre dospelých | divadelná hra |
